01491nam a2200349 a 4500001001000000003000500010005001700015008004100032010001100073011001100084040000900095090001000104100004100114245015000155260004100305500006000346502010600406590004100512590004000553590004000593650002100633650003200654650003100686650003600717856007000753901000700823942001000830942000600840999001900846952014000865952013601005000110908CHAP20220329144150.0141021s2014 mx sm |||||||spa d a107370 a108342 cCHAP aTesis1 aTorre López, Gustavo de la912866110aRendimiento de maíz forrajero (Zea mays L.) y valor nutritivo de ensilados en el rancho el Carmenh[En línea]cpor Gustavo de la Torre Lopez. aBermejillo, Dgo. :bEl autor,c2014. aPara ver el contenido del material haga clic en la liga aTesis (Ing. Agr. Esp. en Sistemas Pecuarios) -- UACH. Unidad Regional Universitaria de Zonas Áridas aE11695DGDb10c20141024lUCH01h0815 aE5765TAJb05c20141021lUCH01h0918 aE5765TAJb05c20141021lUCH01h091914aEnsilaje.93710214aMaíz como forraje.97110914aMaízxHíbridos.97097414aMaízxValor nutritivo.971080 aFinding aiduhttp://10.13.5.2/tesis/sist110908.pdfzTeclea aquí aBK cTESIS n0 c107370d107370 00102local4053708TESISaBCbBCcPA_TESISd2014-10-21fTESISl0oTesisp33724002425413r2019-12-31 00:00:00tc.2w2019-12-31yTESIS 00104054718TESISaBCbBCd2014-10-21fTESISl0oTesisp33724002425454r2019-12-31 00:00:00w2019-12-31yTESISzRecien adquirido